Kritický rok 2018 pre automotive

Automobilový priemysel na Slovensku a jeho 44 percentný podiel na celkovej priemyselnej výrobe. Slovensko na prvom mieste vo výrobe automobilov na obyvateľa. Akútny nedostatok kvalifikovanej pracovnej sily. Zjednodušenie dovozu pracovných síl. Predaj vozidiel na Slovensku v roku 2017 v porovnaní s p...

Descrizione completa

Salvato in:
Dettagli Bibliografici
Autore principale: Brezovský, Jozef
Natura: Capitolo di libro
Lingua:slovacco
Soggetti:
Tags: Aggiungi Tag
Nessun Tag, puoi essere il primo ad aggiungerne!!

MARC

LEADER 00000naa a2200000 4500
001 0240352
005 20180220084817.5
041 0 |a slo 
044 |a CZ 
245 1 0 |a Kritický rok 2018 pre automotive  |c Jozef Brezovský 
520 |a Automobilový priemysel na Slovensku a jeho 44 percentný podiel na celkovej priemyselnej výrobe. Slovensko na prvom mieste vo výrobe automobilov na obyvateľa. Akútny nedostatok kvalifikovanej pracovnej sily. Zjednodušenie dovozu pracovných síl. Predaj vozidiel na Slovensku v roku 2017 v porovnaní s predchádzajúcim rokom. 
610 2 0 |a priemysel automobilový 
610 2 0 |a automobily osobné 
610 2 0 |a výroba 
610 2 0 |a sily pracovné 
610 2 0 |a kvalifikácia 
610 2 0 |a cudzinci 
610 2 0 |a Slovensko 
100 1 |a Brezovský, Jozef